| 000 | 00619nam a2200217Ii 4500 | ||
|---|---|---|---|
| 001 | 3818 | ||
| 003 | CO-ViMGA | ||
| 008 | 241108s9999||||xx |||||||||||||| ||und|| | ||
| 020 | _a9783833138225 | ||
| 040 |
_aCO-ViMGA _bspa _erda _cCO-ViMGA |
||
| 041 | 0 | _aspa | |
| 082 | 0 | 4 | _aR 759.5 B17m |
| 100 | 1 |
_aGabriele. Bartz _947176 |
|
| 245 | 1 | 0 |
_aMiguel Angel Bounarroti : _b1475-1564 |
| 264 | 1 | _aBeijing, China : H. F. Ullmann, 2007 | |
| 300 | _avolumen | ||
| 336 |
_atext _btxt _2rdacontent |
||
| 337 |
_aunmediated _bn _2rdamedia |
||
| 338 |
_avolume _bnc _2rdacarrier |
||
| 940 | _aidficha_siabuc: 3729. -- ficha_no_siabuc:3818 | ||
| 999 |
_c41756 _d41756 |
||